[Event "Brasilia Terraviva op"]
[Site "Brasilia"]
[Date "2019.01.10"]
[Round "1"]
[White "Rocha, Wesley Rodrigues"]
[Black "Terao, Juliana Sayumi"]
[Result "0-1"]
[WhiteElo "1702"]
[BlackElo "2246"]
[PlyCount "54"]
[EventDate "2019.01.10"]
[EventType "swiss"]
[EventRounds "7"]
[EventCountry "BRA"]
[SourceTitle "CBM 188 Extra"]
[Source "ChessBase"]
[SourceDate "2019.02.26"]
[SourceVersion "1"]
[SourceVersionDate "2019.02.26"]
[SourceQuality "1"]

1. d4 Nf6 2. f3 d5 3. Be3 e6 4. Bf2 c5 5. e3 Qb6 6. Qc1 Nc6 7. c3 Bd7 8. g3 Rc8 9. Bg2 Bd6 10. f4 Ng4 11. Qd2 0-0 12. Nh3 cxd4 13. exd4 Na5 14. b3 Bb5 15. Bg1 Nf6 16. Nf2 Rfe8 17. Bh3 Qc7 18. Bf1 Bxf1 19. Kxf1 b5 20. h3 b4 21. Bh2 bxc3 22. Qc2 Nc6 23. Qxc3 Qb6 24. Kg2 Nxd4 25. Qd3 Nc2 26. Nd2 Nxa1 27. Rxa1 Qc6 0-1

[Event "Goiania Clube de Goias U2200 2nd"]
[Site "Goiania"]
[Date "2016.07.30"]
[Round "2.5"]
[White "Rocha, Wesley Rodrigues"]
[Black "Fontenelle, Reinaldo Resende"]
[Result "0-1"]
[WhiteElo "1724"]
[BlackElo "1856"]
[PlyCount "66"]
[EventDate "2016.07.30"]
[EventType "swiss"]
[EventRounds "5"]
[EventCountry "BRA"]
[SourceTitle "EXT 2022"]
[Source "ChessBase"]
[SourceDate "2021.10.06"]
[SourceVersion "1"]
[SourceVersionDate "2021.10.06"]
[SourceQuality "1"]

1. d4 d5 2. e3 e6 3. Bd3 Nf6 4. Nd2 c5 5. c3 Nc6 6. f4 Be7 7. g3 0-0 8. Ngf3 b6 9. 0-0 Bb7 10. Qe2 Qc7 11. Rf2 Rfe8 12. Rg2 Bf8 13. g4 Ne7 14. Nh4 Ne4 15. Bxe4 dxe4 16. Rf2 cxd4 17. exd4 Qc6 18. Ng2 f6 19. Nf1 e5 20. fxe5 fxe5 21. dxe5 Ng6 22. Nfe3 Nxe5 23. Rf5 Rad8 24. Rxe5 Rxe5 25. Qc4+ Qxc4 26. Nxc4 Bc5+ 27. Be3 Rg5 28. h3 Ba6 29. Bxc5 Rxc5 30. Nce3 Be2 31. Kf2 Ba6 32. Re1 Rc7 33. Nc2 Rd2+ 0-1

[Event "Goiania Gomes Memorial"]
[Site "Goiania"]
[Date "2015.12.05"]
[Round "7"]
[White "Garcia, Gabriel Gonzaga"]
[Black "Rocha, Wesley Rodrigues"]
[Result "1-0"]
[WhiteElo "2086"]
[BlackElo "1702"]
[PlyCount "21"]
[EventDate "2015.11.28"]
[EventType "tourn"]
[EventRounds "9"]
[EventCountry "BRA"]
[SourceTitle "CBM 170 Extra"]
[Source "ChessBase"]
[SourceDate "2016.02.25"]
[SourceVersion "1"]
[SourceVersionDate "2016.02.25"]
[SourceQuality "1"]

1. e4 e6 2. Nf3 c5 3. d4 b6 4. Nc3 a6 5. dxc5 bxc5 6. e5 h6 7. Ne4 Bb7 8. Nd6+ Bxd6 9. Qxd6 Qc8 10. Be3 c4 11. Bc5 1-0

[Event "Goiania Goias Cup"]
[Site "Goiania"]
[Date "2015.09.25"]
[Round "2"]
[White "Rosa, Pedro Paulo"]
[Black "Rocha, Wesley Rodrigues"]
[Result "0-1"]
[WhiteElo "1580"]
[BlackElo "1688"]
[PlyCount "130"]
[EventDate "2015.09.25"]
[EventType "swiss"]
[EventRounds "6"]
[EventCountry "BRA"]
[SourceTitle "EXT 2016"]
[Source "ChessBase"]
[SourceDate "2015.10.08"]
[SourceVersion "1"]
[SourceVersionDate "2015.10.08"]
[SourceQuality "1"]

1. e4 e6 2. Nf3 c5 3. Nc3 b6 4. Bc4 a6 5. a4 d6 6. d3 Bb7 7. Qe2 Nd7 8. Bg5 Be7 9. Bf4 Ngf6 10. h3 0-0 11. 0-0 Ra7 12. Qd2 Qa8 13. Ne2 d5 14. exd5 Nxd5 15. Bxd5 Bxd5 16. Qe3 Bf6 17. c3 Re8 18. Bh2 h6 19. Ng3 Bxf3 20. Qxf3 Qxf3 21. gxf3 Ne5 22. Rad1 Nxf3+ 23. Kg2 Nxh2 24. Kxh2 Be5 25. f4 Bb8 26. Rd2 g6 27. Ne4 Kg7 28. Kg2 f5 29. Ng3 Kf6 30. Kf3 Rd7 31. Rfd1 Red8 32. Ne2 b5 33. axb5 axb5 34. d4 Ba7 35. h4 b4 36. Ke3 bxc3 37. bxc3 g5 38. hxg5+ hxg5 39. fxg5+ Kxg5 40. Kf3 cxd4 41. cxd4 e5 42. Rg1+ Kf6 43. dxe5+ Kxe5 44. Rxd7 Rxd7 45. Rg8 Rd3+ 46. Kg2 Bc5 47. Rc8 Bd6 48. Re8+ Kf6 49. Ra8 Rd2 50. Kf1 Rd3 51. Ra6 Ke5 52. Ra5+ Ke4 53. Ra1 f4 54. Ra4+ Kf3 55. Ra1 Bb4 56. Nxf4 Kxf4 57. Rb1 Kf3 58. Kg1 Bc3 59. Rf1+ Kg3 60. Rb1 Rf3 61. Rd1 Bf6 62. Rb1 Bd4+ 63. Kh1 Kf2 64. Kh2 Be5+ 65. Kh1 Rh3# 0-1

[Event "Anapolis STD op"]
[Site "Anapolis"]
[Date "2015.08.14"]
[Round "1"]
[White "Costa, Thiago Constantino"]
[Black "Rocha, Wesley Rodrigues"]
[Result "1/2-1/2"]
[WhiteElo "1475"]
[BlackElo "1726"]
[PlyCount "98"]
[EventDate "2015.08.14"]
[EventType "swiss"]
[EventRounds "6"]
[EventCountry "BRA"]
[SourceTitle "EXT 2016"]
[Source "ChessBase"]
[SourceDate "2015.10.08"]
[SourceVersion "1"]
[SourceVersionDate "2015.10.08"]
[SourceQuality "1"]

1. e4 e6 2. d4 c5 3. Nf3 h6 4. Nc3 a6 5. Be3 b6 6. Be2 Bb7 7. d5 exd5 8. exd5 d6 9. Qd2 Nf6 10. h3 b5 11. a3 Nbd7 12. b4 cxb4 13. axb4 Nb6 14. Bxb6 Qxb6 15. Rd1 Be7 16. Qd4 Qxd4 17. Rxd4 0-0 18. 0-0 Rac8 19. Rd3 Rfe8 20. Re1 Bf8 21. Bd1 Rxe1+ 22. Nxe1 Rc4 23. Nf3 Rxb4 24. Nd2 Rb2 25. Nb3 b4 26. Na4 Rb1 27. Nb6 Ne4 28. Na4 f5 29. f3 Nf6 30. Nb6 a5 31. Nxa5 Ba6 32. Rd2 Be2 33. Rxe2 Rxd1+ 34. Kf2 Nxd5 35. Nxd5 Rxd5 36. Nb3 Kf7 37. Rd2 Rxd2+ 38. Nxd2 g6 39. Ke3 Bg7 40. Nb1 Ke6 41. g4 g5 42. Nd2 fxg4 43. fxg4 Kd5 44. Kd3 Bb2 45. Nf3 Be5 46. Nd2 Ke6 47. Nf1 d5 48. Ne3 Bd6 49. Nf5 Bh2 1/2-1/2

[Event "Brasilia Centro Oeste-ch"]
[Site "Brasilia"]
[Date "2015.05.15"]
[Round "2"]
[White "Rocha, Wesley Rodrigues"]
[Black "Moraes Silva, Carlos Alessandro"]
[Result "1-0"]
[WhiteElo "1610"]
[BlackElo "1771"]
[PlyCount "123"]
[EventDate "2015.05.15"]
[EventType "swiss"]
[EventRounds "6"]
[EventCountry "BRA"]
[SourceTitle "CBM 166 Extra"]
[Source "ChessBase"]
[SourceDate "2015.06.18"]
[SourceVersion "1"]
[SourceVersionDate "2015.06.18"]
[SourceQuality "1"]

1. f4 d5 2. g3 Nf6 3. Bg2 Bf5 4. Nh3 Qd7 5. Nf2 e6 6. e3 c5 7. 0-0 Nc6 8. d3 h6 9. a3 Be7 10. Bf3 Rd8 11. Qe2 e5 12. g4 Bg6 13. g5 hxg5 14. fxg5 Nh7 15. h4 Bf5 16. Ng4 e4 17. b4 exf3 18. Qxf3 Be6 19. b5 Bd6 20. bxc6 bxc6 21. Nf2 Qe7 22. e4 Nf8 23. h5 dxe4 24. Nxe4 Bd5 25. Re1 Ne6 26. c4 Bxe4 27. Rxe4 0-0 28. Qe3 Qc7 29. Ra2 Bf4 30. Rxf4 Nxf4 31. Qxf4 Qxf4 32. Bxf4 Rxd3 33. Rd2 Rb3 34. Rd1 Rf3 35. Bc1 Re8 36. Kg2 Rb3 37. Nd2 Re2+ 38. Kf1 Rbe3 39. Nf3 Re8 40. h6 g6 41. Re1 Rxe1+ 42. Nxe1 Re4 43. Nd3 Rxc4 44. Ke2 Rc2+ 45. Kd1 Rc4 46. Bb2 Rg4 47. Bf6 c4 48. Ne5 Rf4 49. Nxc6 a6 50. Bb2 Rf3 51. Kc2 Rg3 52. Bc1 Rd3 53. Ne5 Rd4 54. Kc3 Rd1 55. Kc2 Rg1 56. Nd7 c3 57. Nf6+ Kf8 58. a4 Ke7 59. Ba3+ Ke6 60. h7 Rh1 61. Bf8 Kf5 62. Bh6 1-0

[Event "Goiania Goias-ch"]
[Site "Goiania"]
[Date "2015.02.27"]
[Round "1"]
[White "Rocha, Wesley Rodrigues"]
[Black "Da Silva Filho, Jair Humberto"]
[Result "0-1"]
[WhiteElo "1783"]
[BlackElo "1908"]
[PlyCount "82"]
[EventDate "2015.02.27"]
[EventType "swiss"]
[EventRounds "6"]
[EventCountry "BRA"]
[SourceTitle "CBM 165 Extra"]
[Source "ChessBase"]
[SourceDate "2015.04.21"]
[SourceVersion "1"]
[SourceVersionDate "2015.04.21"]
[SourceQuality "1"]

1. e3 g6 2. c4 d6 3. d4 Bg7 4. a3 a5 5. Ra2 Nd7 6. b3 e5 7. h4 Ngf6 8. g3 h5 9. Bg2 c6 10. f3 a4 11. b4 Nb6 12. dxe5 dxe5 13. Qxd8+ Kxd8 14. c5 Be6 15. Rd2+ Nbd7 16. e4 Bh6 17. Rc2 Bxc1 18. Rxc1 Ne8 19. Nh3 Nc7 20. Ng5 Bb3 21. Nd2 Ke7 22. Bf1 f6 23. Nh3 Ne6 24. Bc4 Nd4 25. Bd3 Rhd8 26. 0-0 Nf8 27. Rc3 Be6 28. Nf2 g5 29. hxg5 fxg5 30. Nc4 Nxf3+ 31. Kg2 g4 32. Nb6 Rab8 33. Bc2 Bb3 34. Bd3 Ne6 35. Rh1 Rh8 36. Be2 Ned4 37. Bxf3 gxf3+ 38. Kh3 Be6+ 39. Kh4 Rbg8 40. Rcc1 Kf6 41. Nxa4 Ne2 0-1

[Event "Goiania-ch Phase 02"]
[Site "Goiania"]
[Date "2014.05.25"]
[Round "5"]
[White "Di Simoni, Rafaela Moura"]
[Black "Rocha, Wesley Rodrigues"]
[Result "0-1"]
[WhiteElo "1702"]
[BlackElo "1832"]
[PlyCount "114"]
[EventDate "2014.05.23"]
[EventType "swiss"]
[EventRounds "6"]
[EventCountry "BRA"]
[SourceTitle "EXT 2016"]
[Source "ChessBase"]
[SourceDate "2015.10.08"]
[SourceVersion "1"]
[SourceVersionDate "2015.10.08"]
[SourceQuality "1"]

1. d4 d5 2. c4 c5 3. e3 e6 4. Nf3 dxc4 5. Bxc4 a6 6. Nc3 b5 7. Be2 Bb7 8. dxc5 Qxd1+ 9. Bxd1 Bxc5 10. 0-0 Nc6 11. b3 Nb4 12. a3 Nd3 13. Bd2 Rd8 14. Bc2 Bxf3 15. gxf3 Ne5 16. Bc1 Nxf3+ 17. Kg2 Nh4+ 18. Kg3 Nf5+ 19. Kg2 Nf6 20. Kg1 0-0 21. Bb2 Rd2 22. Rac1 Nxe3 23. fxe3 Bxe3+ 24. Kh1 Ng4 25. Ne2 Rxe2 26. Be5 Bxc1 27. Rxc1 Rxc2 28. Rxc2 Nxe5 29. Rc1 Ra8 30. b4 Nc4 31. Ra1 Rb8 32. Kg2 f5 33. Kf3 Rb6 34. Kf4 g6 35. Re1 h6 36. h3 g5+ 37. Kf3 Rd6 38. Kf2 Nxa3 39. Kf3 Kf7 40. Ra1 Rd3+ 41. Kg2 Ke7 42. Kh2 h5 43. Rg1 Kf6 44. Kg2 Nc2 45. Rb1 Rd4 46. Kh2 Nxb4 47. Kg2 h4 48. Kh2 Rd2+ 49. Kg1 Nc2 50. Rb2 f4 51. Ra2 Rd1+ 52. Kh2 Nb4 53. Rf2 a5 54. Kg2 e5 55. Kh2 a4 56. Kg2 a3 57. Kh2 e4 0-1

[Event "Goiania-ch Phase 02"]
[Site "Goiania"]
[Date "2014.05.23"]
[Round "2"]
[White "De Paula, Guilherme Bueno"]
[Black "Rocha, Wesley Rodrigues"]
[Result "1-0"]
[WhiteElo "1972"]
[BlackElo "1832"]
[PlyCount "55"]
[EventDate "2014.05.23"]
[EventType "swiss"]
[EventRounds "6"]
[EventCountry "BRA"]
[SourceTitle "EXT 2016"]
[Source "ChessBase"]
[SourceDate "2015.10.08"]
[SourceVersion "1"]
[SourceVersionDate "2015.10.08"]
[SourceQuality "1"]

1. e4 c5 2. d4 cxd4 3. c3 dxc3 4. Nxc3 Nc6 5. Nf3 g6 6. Bc4 e6 7. 0-0 a6 8. Qe2 b6 9. Bg5 Be7 10. Bf4 Bf6 11. e5 Be7 12. Ne4 Bb7 13. Rfd1 Na5 14. Bd3 Kf8 15. Rac1 Kg7 16. Bb1 Nc6 17. Nd6 Bxd6 18. Rxd6 Nb8 19. Nd2 b5 20. Ne4 Qh4 21. Bg5 Qh5 22. Qxh5 gxh5 23. Nf6 Nh6 24. Nxh5+ Kf8 25. Bxh6+ Ke7 26. Bg5+ Kf8 27. Rc7 Rg8 28. Bh6+ 1-0